Statistics for This is home - Cavetown Lyrics

Click here to take the quiz!

General Stats

  • This quiz has been taken 127 times
  • The average score is 186 of 223

Answer Stats

Answer% Correct
a
100%
i
100%
of
99%
this
99%
but
97%
the
97%
in
96%
you
96%
me
93%
out
93%
to
93%
am
92%
are
92%
can
92%
get
92%
he
92%
love
92%
that
92%
yet
92%
fall
91%
often
91%
guess
90%
it
90%
little
90%
hair
89%
stress
89%
upset
89%
will
89%
and
88%
cannot
88%
here
88%
my
88%
us
88%
do
87%
know
87%
tired
87%
falling
84%
when
84%
avoids
83%
fly
83%
i'm
83%
make
83%
place
83%
cut
82%
i'll
82%
is
82%
stare
82%
we
82%
now
80%
right
80%
way
80%
doesn't
79%
figure
79%
can't
78%
monster
78%
ready
78%
who
78%
chest
77%
feel
77%
hide
77%
load
77%
swear
77%
face
76%
his
76%
how
76%
think
76%
all
74%
him
74%
home
73%
open
73%
sick
73%
communicate
72%
with
72%
arms
71%
give
71%
sometimes
71%
space
71%
bit
70%
dead
70%
just
70%
mess
70%
your
70%
at
69%
please
69%
really
69%
welcome
69%
different
68%
drive
68%
many
68%
mind
68%
trainwreck
68%
don't
67%
head
67%
insane
67%
porcelain
67%
stars
67%
asleep
64%
enough
64%
ghosts
63%
feels
62%
want
61%
wrapping
61%
dark
60%
strangely
60%
where
60%
ghouls
59%
slowly
59%
cause
58%
eyes
58%
pupils
58%
went
58%
there's
56%
time
56%
colours
54%
tracing
51%
take
22%
everybody
18%

Score Distribution

Percentile by Number Answered

Percent of People with Each Score

Your Score History

You have not taken this quiz